[Event "34th Chess Olympiad (men)"]
[Site "Istanbul"]
[Date "2000.11.01"]
[Round "5.34.3"]
[White "Mosquera, Miguel"]
[Black "Hernandez, Basante Francisco"]
[WhiteElo "2333"]
[BlackElo "2309"]
[WhiteCountry "COL"]
[BlackCountry "CRC"]
[Result "1/2-1/2"]

1. e4 c5 2. Nf3 d6 3. d4 cxd4 4. Nxd4 Nf6 5. Nc3 g6 6. Be3 Bg7 7. f3 Nc6 
8. Qd2 O-O 9. O-O-O d5 10. Nxc6 bxc6 11. exd5 Nxd5 12. Bd4 Nxc3 13. Qxc3 Bh6+ 
14. Be3 Bxe3+ 15. Qxe3 Qb6 16. Qc3 Be6 17. Bc4 Bxc4 18. Qxc4 Rad8 19. f4 e6 
20. Qe2 Rd5 21. c4 Qa6 22. b3 Rfd8 23. Kb2 Rd4 24. Rxd4 Rxd4 25. Rd1 Qb6 
26. g3 Rxd1 27. Qxd1 Qf2+ 28. Qc2 Qd4+ 29. Ka3 f6 30. Qg2 Qd6+ 31. Ka4 e5 
32. fxe5 fxe5 33. b4 Qd1+ 34. Ka5 Qd8+ 35. Ka4 
1/2-1/2

[Event "34th Chess Olympiad (men)"]
[Site "Istanbul"]
[Date "2000.11.01"]
[Round "5.34.4"]
[White "Bermudez, Sergio"]
[Black "Renteria, Jorge"]
[WhiteElo "2185"]
[BlackElo "2271"]
[WhiteCountry "CRC"]
[BlackCountry "COL"]
[Result "0-1"]

1. d4 Nf6 2. c4 c5 3. d5 b5 4. cxb5 a6 5. b6 e6 6. Nc3 Nxd5 7. Nxd5 exd5 
8. Qxd5 Nc6 9. e4 Be7 10. Bc4 O-O 11. Nf3 Rb8 12. O-O Rxb6 13. Qh5 Qe8 
14. Re1 Bb7 15. b3 Nb4 16. Re2 Rg6 17. Ne5 Rb6 18. Ng4 Nc6 19. Re3 Nd4 
20. Bb2 Kh8 21. Ne5 Kg8 22. Rae1 Rh6 23. Qg4 Bd6 24. Bxd4 cxd4 25. Nxf7 Rxf7 
26. Rf3 Re6 27. Rxf7 Qxf7 28. f4 Bxf4 29. Rf1 Be3+ 30. Kh1 Qe7 31. Qf5 d5 
32. exd5 Rd6 33. b4 g6 34. Qf3 Kg7 35. a4 Rf6 36. Qd1 Rxf1+ 37. Qxf1 Qf6 
38. Qb1 Qf5 39. Qd1 Bxd5 40. Bxa6 Qf2 
0-1

[Event "34th Chess Olympiad (men)"]
[Site "Istanbul"]
[Date "2000.11.01"]
[Round "5.35.1"]
[White "Ghaem, Maghami Ehsan"]
[Black "Watanabe, Akira"]
[WhiteElo "2488"]
[BlackElo "2374"]
[WhiteCountry "IRI"]
[BlackCountry "JPN"]
[Result "1-0"]

1. c4 e6 2. Nc3 d5 3. d4 Nf6 4. cxd5 exd5 5. Bg5 c6 6. Nf3 Be7 7. Qc2 O-O 
8. e3 Nbd7 9. Bd3 Re8 10. O-O-O Nf8 11. h3 a5 12. g4 a4 13. Kb1 g6 14. Ne5 Ne4 
15. Nxe4 Bxg5 16. Nxg5 Qxg5 17. h4 Qe7 18. g5 c5 19. Qc3 c4 20. Bc2 Ra6 
21. Qa3 b5 22. Qxe7 Rxe7 23. a3 Bf5 24. h5 Rb7 25. hxg6 fxg6 26. Bxf5 gxf5 
27. Rh6 Ng6 28. Rdh1 Rd6 29. Kc2 Rdb6 30. Nxg6 Rxg6 31. Rxg6+ hxg6 32. Kc3 f4 
33. Kb4 fxe3 34. fxe3 Rf7 35. Rh2 Rf3 36. Re2 Kf7 37. Kxb5 Ke6 38. Kxa4 Rf8 
39. e4 dxe4 40. Rxe4+ Kd5 41. Re5+ Kxd4 42. Rb5 c3 43. bxc3+ Kxc3 44. Rc5+ Kd4 
45. Rc6 Ke4 46. Rxg6 Ra8+ 47. Kb4 Kf5 48. Rb6 Kxg5 49. a4 
1-0

[Event "34th Chess Olympiad (men)"]
[Site "Istanbul"]
[Date "2000.11.01"]
[Round "5.35.2"]
[White "Matsuo, Tomohiko"]
[Black "Mahjoob, Morteza"]
[WhiteElo "2186"]
[BlackElo "2337"]
[WhiteCountry "JPN"]
[BlackCountry "IRI"]
[Result "1/2-1/2"]

1. e4 c5 2. Nf3 e6 3. d4 cxd4 4. Nxd4 a6 5. Bd3 Qc7 6. O-O Nf6 7. Qe2 d6 
8. c4 g6 9. Nc3 Bg7 10. Be3 O-O 11. Rac1 Nbd7 12. Bb1 b6 13. f4 Bb7 14. b4 Rac8 
15. Bd3 Qb8 16. Nb3 Rfe8 17. c5 e5 18. Bxa6 Bxa6 19. Qxa6 dxc5 20. bxc5 Ng4 
21. Bd2 Nxc5 22. Nxc5 Rxc5 23. h3 Nf6 24. Be3 Rc6 25. Qb5 Qb7 26. Nd5 Nxd5 
27. Qxd5 Rc7 28. Rxc7 Qxc7 29. f5 Rb8 30. Rc1 Qe7 31. Rc6 gxf5 32. exf5 e4 
33. Rxb6 Rxb6 34. Bxb6 Qb4 35. Qd8+ Bf8 36. Qg5+ Bg7 37. Qd8+ Bf8 
1/2-1/2

[Event "34th Chess Olympiad (men)"]
[Site "Istanbul"]
[Date "2000.11.01"]
[Round "5.35.3"]
[White "Abbasifar, Hasan"]
[Black "Tanaka, Yuuki"]
[WhiteElo "2375"]
[BlackElo "2126"]
[WhiteCountry "IRI"]
[BlackCountry "JPN"]
[Result "1-0"]

1. d4 Nf6 2. Nc3 d5 3. e4 Nxe4 4. Nxe4 dxe4 5. Bc4 Nc6 6. d5 Ne5 7. Bb3 g6 
8. Qd4 Bg7 9. Qxe4 Bf5 10. Qe2 O-O 11. h3 c5 12. dxc6ep Nxc6 13. Nf3 Qc7 
14. O-O Nb4 15. Ne1 a5 16. a4 Rad8 17. c3 Nc6 18. Bc2 Bxc2 19. Nxc2 Rd7 
20. Be3 Rfd8 21. Na3 Qd6 22. Bb6 Nd4 23. Bxd4 Bxd4 24. cxd4 Qxd4 25. Nc4 e6 
26. Nxa5 Qb4 27. Qb5 Qxb5 28. axb5 Rd5 29. Nxb7 Rb8 30. Na5 Rbxb5 31. Nc4 Rdc5 
32. Ra4 Kg7 33. Rd1 Rc7 34. Rd2 Rbc5 35. Nd6 h5 36. Ne8+ 
1-0

[Event "34th Chess Olympiad (men)"]
[Site "Istanbul"]
[Date "2000.11.01"]
[Round "5.35.4"]
[White "Sasaki, Katsumi"]
[Black "Ghane, Shojaat"]
[WhiteElo "2171"]
[BlackElo "2315"]
[WhiteCountry "JPN"]
[BlackCountry "IRI"]
[Result "0-1"]

1. e4 e6 2. d4 d5 3. e5 c5 4. c3 Nc6 5. Nf3 cxd4 6. cxd4 Nge7 7. Be3 Nf5 
8. Be2 Be7 9. O-O O-O 10. Nc3 Nxe3 11. fxe3 f6 12. exf6 Bxf6 13. Qd2 Bd7 
14. Rad1 Be8 15. e4 Bh5 16. e5 Be7 17. Kh1 Bb4 18. Qe3 Qe7 19. Bd3 Ba5 
20. Ne2 Bb6 21. h3 Bxf3 22. gxf3 Qh4 23. f4 Ne7 24. Rg1 Nf5 25. Bxf5 Rxf5 
26. Rg4 Qh6 27. Qg3 Raf8 28. Kg2 Rc8 29. Qd3 Kh8 30. Rf1 Rcf8 31. Rc1 g5 
32. fxg5 Rxg5 33. Rf1 Rfg8 34. Rf4 Qh5 35. Qf3 Qh6 36. Rf7 Rxg4+ 37. hxg4 Qg5 
38. Ng3 Bxd4 39. Qf6+ Qxf6 40. exf6 Rxg4 41. Kf3 Rg6 42. Nh5 Kg8 43. Rxb7 Bxf6 
44. Nf4 Rg7 45. Rb8+ Kf7 46. Nh5 Rg5 47. Rb7+ Be7 48. Nf4 Rf5 49. Kg3 Kf6 
50. Ne2 Bd6+ 51. Kg2 Bc5 52. Ng3 Rf2+ 53. Kh3 Bd6 
0-1

[Event "34th Chess Olympiad (men)"]
[Site "Istanbul"]
[Date "2000.11.01"]
[Round "5.36.2"]
[White "Sommerbauer, Norbert"]
[Black "Saavedra, Carlos"]
[WhiteElo "2391"]
[BlackElo "2206"]
[WhiteCountry "AUT"]
[BlackCountry "BOL"]
[Result "1-0"]

1. d4 g6 2. e4 Bg7 3. c4 d6 4. Nc3 c6 5. Nf3 Bg4 6. Be2 Qb6 7. Be3 Bxf3 8. gxf3
e5 9. d5 c5 10. Qd2 Na6 11. f4 Ne7 12. O-O f5 13. fxe5 Bxe5 14. Bg5 h6 15. Bxe7
Kxe7 16. exf5 gxf5 17. f4 Bd4+ 18. Kh1 Raf8 19. Nb5 Bf6 20. a4 (20. a4 Kd7 21.
Bd3 Nc7 22. Bxf5+ Kd8 23. a5 Qa6 24. Bd3 Rhg8 25. b4 Nxd5 26. cxd5 $18) 1-0

[Event "34th Chess Olympiad (men)"]
[Site "Istanbul"]
[Date "2000.11.01"]
[Round "5.36.3"]
[White "Zambrana, Oswaldo"]
[Black "Miniboeck, Guenter"]
[WhiteElo "2253"]
[BlackElo "2413"]
[WhiteCountry "BOL"]
[BlackCountry "AUT"]
[Result "1/2-1/2"]

1. e4 c5 2. Nf3 d6 3. d4 cxd4 4. Nxd4 Nf6 5. Nc3 a6 6. Bc4 e6 7. Bb3 b5 8. O-O
Be7 9. a3 O-O 10. f4 Bb7 11. f5 e5 12. Nde2 Nxe4 13. Nxe4 Bxe4 14. Ng3 Bb7 15.
Qg4 Qb6+ 16. Kh1 Qd4 17. Qxd4 exd4 18. Nh5 Nd7 19. Bf4 d5 20. Rfe1 Rfe8 21. Re2
Bh4 22. Rd2 g6 23. fxg6 hxg6 24. Ng3 Bf6 25. Rf1 Bg7 26. Rdf2 Re6 27. Bd2 Ne5
28. h3 Rae8 29. Bg5 f5 30. Bc1 d3 31. h4 Ng4 32. Rf3 Ne3 33. Bxe3 Rxe3 34. cxd3
Rxf3 35. Rxf3 Re1+ 36. Kh2 Bxb2 37. h5 Bxa3 38. hxg6 Bd6 39. Kh3 Bxg3 40. Kxg3
Kg7 41. Rxf5 Kxg6 42. Rf8 Rb1 43. Bc2 Rc1 44. Bb3 Rc3 45. Ba2 Rxd3+ 46. Kf4 Rc3
47. Rb8 Rc7 48. Ke5 d4 49. Kxd4 Bxg2 50. Rg8+ Rg7 51. Bb1+ Kf7 52. Rxg7+ Kxg7
53. Bd3 Bc6 54. Kc5 Be8 55. Kb6 Bf7 56. Bxb5 axb5 57. Kxb5 1/2-1/2

[Event "34th Chess Olympiad (men)"]
[Site "Istanbul"]
[Date "2000.11.01"]
[Round "5.36.4"]
[White "Hoelzl, Franz"]
[Black "Campero, Ronald"]
[WhiteElo "2394"]
[BlackElo "2000"]
[WhiteCountry "AUT"]
[BlackCountry "BOL"]
[Result "1-0"]

1. d4 g6 2. c4 Bg7 3. Nc3 d6 4. Nf3 Bg4 5. e3 Nc6 6. Be2 Nh6 7. h3 Bd7 8. b3
O-O 9. Ba3 f5 10. Qd2 a5 11. O-O Qc8 12. Rfe1 f4 13. exf4 Bxh3 14. d5 Bxg2 15.
Ng5 Nd4 16. Kxg2 Nxe2 17. Nxe2 Qg4+ 18. Ng3 Rxf4 $2 (18... Bxa1 19. Rxa1 Rxf4
20. Ne6 Qf3+ 21. Kg1 Rh4 22. Rc1 Ng4 23. Rc3 Qf6 $11) 19. Nh3 $14 Qf3+ 20. Kg1
Rg4 21. Re3 Qf6 $2 (21... Rxg3+ $3 22. fxg3 Qf5 23. Rxe7 $5 Qxh3 24. Rxg7+ Kxg7
25. Qc3+ Kg8 26. Bb2 Nf5 27. Qh8+ Kf7 $11) 22. Rae1 Qh4 23. Kh2 Rf8 24. Bb2
Rgf4 25. Kg2 Ng4 26. Nxf4 Qh2+ 27. Kf3 g5 28. Re4 Bxb2 29. Kxg4 h5+ 30. Kf3 Be5
31. Rxe5 dxe5 32. Rh1 g4+ 33. Ke4 1-0

[Event "34th Chess Olympiad (men)"]
[Site "Istanbul"]
[Date "2000.11.01"]
[Round "5.37.1"]
[White "Johannessen, Leif Erlend"]
[Black "Matamoros, Franco Carlos S"]
[WhiteElo "2422"]
[BlackElo "2467"]
[WhiteCountry "NOR"]
[BlackCountry "ECU"]
[Result "1/2-1/2"]

1. d4 e6 2. c4 b6 3. a3 d5 4. Nc3 Nf6 5. Nf3 Bb7 6. Bg5 Be7 7. Qa4+ c6 
8. Bxf6 Bxf6 9. cxd5 exd5 10. g3 O-O 11. Rd1 Bc8 12. Bg2 Bf5 13. O-O b5 
14. Qb3 Nd7 15. Na2 Qb6 16. Nc1 Be4 17. e3 c5 18. dxc5 Nxc5 19. Qa2 Rac8 
20. Nd4 Bxd4 21. Rxd4 Ne6 22. Rd2 Bxg2 23. Kxg2 d4 24. e4 Rc4 25. Nd3 Rfc8 
26. f3 a5 27. Rff2 h6 28. h4 Qb7 29. Kh2 Qb8 30. Rfe2 Qb7 31. f4 Nc5 32. Ne5 d3 
33. Rg2 Rxe4 34. Nxd3 Nxd3 35. Rxd3 Rec4 36. Qb1 Rc1 37. Rd8+ Rxd8 38. Qxc1 Qd7 
39. Qc3 a4 40. Qe1 h5 41. Re2 g6 42. Kg2 Qd5+ 43. Kh2 Kh7 44. Rc2 Qd3 
45. Re2 Rd7 46. Kg2 Rd6 47. Kh2 Rc6 48. Qf2 Rc1 49. Qg2 Rd1 50. Qf2 Kh6 
51. Qg2 Kg7 52. Qf2 Qd5 53. Qg2 Kf6 54. Qxd5 Rxd5 55. Kh3 Kf5 56. Re3 f6 
57. b3 Rd1 58. bxa4 bxa4 59. Rc3 Rh1+ 60. Kg2 Ra1 61. Kf3 Rf1+ 62. Kg2 Rb1 
1/2-1/2

[Event "34th Chess Olympiad (men)"]
[Site "Istanbul"]
[Date "2000.11.01"]
[Round "5.37.2"]
[White "Bastidas, Rodriguez Emilio Jos"]
[Black "Lie, Kjetil A"]
[WhiteElo "2334"]
[BlackElo "2284"]
[WhiteCountry "ECU"]
[BlackCountry "NOR"]
[Result "1-0"]

1. e4 c5 2. Nf3 d6 3. d4 cxd4 4. Nxd4 Nf6 5. Nc3 g6 6. Be3 Bg7 7. f3 O-O 
8. Qd2 Nc6 9. O-O-O Nxd4 10. Bxd4 Be6 11. Nd5 Bxd5 12. exd5 Qd7 13. g4 Rfc8 
14. Kb1 Qa4 15. c4 a5 16. h4 Qe8 17. h5 Qf8 18. hxg6 fxg6 19. Bd3 Nd7 
20. Qh2 h6 21. Bxg7 Qxg7 22. f4 Nc5 23. Bc2 Nd7 24. b3 a4 25. Qxh6 axb3 
26. Qxg7+ Kxg7 27. axb3 b5 28. Rde1 Re8 29. cxb5 Rac8 30. Re6 Nf8 31. Re3 Rc5 
32. Rhe1 Rxb5 33. Rxe7+ Rxe7 34. Rxe7+ Kf6 35. Ra7 Rxd5 36. g5+ Ke6 37. Rg7 Rd4 
38. Bxg6 Rxf4 39. Bc2 Rg4 40. Kb2 Kd5 41. Bf5 Rg2+ 42. Kc3 Ke5 43. Rg8 Kxf5 
44. Rxf8+ Ke6 45. Rf6+ Ke7 46. Rg6 Kf7 47. Rxd6 Rxg5 48. Kc4 Ke7 49. Rd5 Rg3 
50. b4 Ke6 51. Rd1 Rg5 52. b5 Ke7 53. Kb4 Ke8 54. Ka5 Rg6 55. b6 Rg2 
56. Rd4 Ra2+ 57. Kb5 Rb2+ 58. Rb4 Rxb4+ 59. Kxb4 Kd7 60. Kb5 Kd8 61. Ka6 
1-0

[Event "34th Chess Olympiad (men)"]
[Site "Istanbul"]
[Date "2000.11.01"]
[Round "5.37.3"]
[White "Trygstad, Kristian"]
[Black "Mera, Cedeno Angel"]
[WhiteElo "2248"]
[BlackElo "2376"]
[WhiteCountry "NOR"]
[BlackCountry "ECU"]
[Result "1/2-1/2"]

1. e4 d6 2. d4 Nf6 3. Nc3 g6 4. Be3 c6 5. Qd2 Nbd7 6. Nf3 Qa5 7. h3 Bg7 
8. Bd3 e5 9. O-O O-O 10. a3 Re8 11. Rad1 Qc7 12. Bh6 Nf8 13. Bxg7 Kxg7 
14. Bc4 Be6 15. d5 cxd5 16. Bxd5 Bxd5 17. Nxd5 Nxd5 18. Qxd5 Red8 19. Rfe1 Ne6 
20. g3 b5 21. Rd2 a5 22. Ra1 Rac8 23. h4 
1/2-1/2

[Event "34th Chess Olympiad (men)"]
[Site "Istanbul"]
[Date "2000.11.01"]
[Round "5.37.4"]
[White "Moran, Augusto"]
[Black "Gabrielsen, Stig"]
[WhiteElo "2392"]
[BlackElo "2305"]
[WhiteCountry "ECU"]
[BlackCountry "NOR"]
[Result "0-1"]

1. d4 Nf6 2. Nf3 g6 3. Nc3 d5 4. Bf4 Bg7 5. e3 O-O 6. Be2 c5 7. Ne5 Qa5 
8. Qd2 Be6 9. g4 Nfd7 10. Nxd7 Nxd7 11. Nb5 Qb6 12. c3 Rac8 13. f3 a6 
14. Na3 f5 15. g5 Bf7 16. h4 e5 17. dxe5 Nxe5 18. h5 d4 19. cxd4 cxd4 
20. exd4 Rfd8 21. Be3 Qc6 22. hxg6 hxg6 23. Rh3 Qe6 24. Rh4 f4 25. Rxf4 Qh3 
26. Kd1 b5 27. b3 Bd5 28. Rc1 Nxf3 29. Qd3 Qg3 30. Rxc8 Qe1+ 31. Kc2 Rxc8+ 
32. Kb2 Nxd4 33. Rxd4 Bxd4+ 34. Qxd4 Qxe2+ 35. Bd2 Be4 36. Qd6 Bf5 37. Qd5+ Be6 
38. Qd4 a5 39. Nc2 b4 40. a3 Qd1 41. Na1 Bxb3 
0-1

[Event "34th Chess Olympiad (men)"]
[Site "Istanbul"]
[Date "2000.11.01"]
[Round "5.38.1"]
[White "Dervishi, Erald"]
[Black "Matthews, Shane"]
[WhiteElo "2478"]
[BlackElo "2258"]
[WhiteCountry "ALB"]
[BlackCountry "JAM"]
[Result "1/2-1/2"]

1. e4 c5 2. Nf3 d6 3. d4 cxd4 4. Nxd4 Nf6 5. Nc3 a6 6. Be2 e6 7. a4 Qc7 
8. O-O b6 9. f4 Nbd7 10. Bf3 Bb7 11. Kh1 Rd8 12. Qe1 Be7 13. g4 h6 14. Be3 Nc5 
15. Bg1 g5 16. f5 e5 17. Nb3 h5 18. gxh5 g4 19. Bg2 Rxh5 20. Rd1 Bc6 
21. Nxc5 bxc5 22. Nd5 Bxd5 23. exd5 Rb8 24. b3 Rb4 25. Be3 Qc8 26. Qf2 Kd7 
27. Bd2 g3 28. Qxg3 Rg4 29. Qf2 Qh8 30. Bf3 e4 31. Be2 e3 32. Bxe3 Ne4 
33. Bxg4 Nxf2+ 34. Rxf2 Rh4 35. Bf3 Qc3 36. Rd3 Qa1+ 37. Kg2 Qe5 38. h3 Bf6 
39. Re2 Qxf5 40. Bg4 Rxg4+ 41. hxg4 Qxg4+ 42. Kf1 c4 43. bxc4 Qxc4 44. Rf2 Qxa4 
45. Bf4 Bh4 46. Bg3 Bxg3 47. Rxg3 Qc4+ 48. Rd3 Ke8 49. Ke1 a5 
1/2-1/2

[Event "34th Chess Olympiad (men)"]
[Site "Istanbul"]
[Date "2000.11.01"]
[Round "5.38.2"]
[White "Elliott, Warren"]
[Black "Adhami, Vangiel"]
[WhiteElo "2196"]
[BlackElo "2310"]
[WhiteCountry "JAM"]
[BlackCountry "ALB"]
[Result "1/2-1/2"]

1. e4 c5 2. Nf3 g6 3. d4 Bg7 4. dxc5 Qa5+ 5. Nc3 Qxc5 6. Bd3 d6 7. O-O Nf6 
8. Be3 Qa5 9. h3 O-O 10. Nd4 Nc6 11. Nb3 Qd8 12. f4 d5 13. e5 d4 14. Nxd4 Nxd4 
15. exf6 Bxf6 16. Ne4 Bg7 17. c3 Nf5 18. Bf2 Qc7 19. Qf3 Bd7 
1/2-1/2

[Event "34th Chess Olympiad (men)"]
[Site "Istanbul"]
[Date "2000.11.01"]
[Round "5.38.3"]
[White "Rama, Lorenc"]
[Black "Rowe, Duane"]
[WhiteElo "2316"]
[BlackElo "2000"]
[WhiteCountry "ALB"]
[BlackCountry "JAM"]
[Result "1/2-1/2"]

1. c4 Nf6 2. Nc3 e5 3. g3 Nc6 4. Bg2 Bb4 5. e4 O-O 6. Nge2 Bc5 7. O-O a6 
8. d3 h6 9. h3 d6 10. Kh2 Nh7 11. f4 h5 12. f5 h4 13. g4 g5 14. fxg6ep fxg6 
15. Nd5 Rxf1 16. Qxf1 Be6 17. Bh6 Nd4 18. Nxd4 Bxd4 19. Qe2 c6 20. Ne3 Kh8 
21. Rf1 Qe7 22. Nf5 gxf5 23. exf5 Bf7 24. g5 Rg8 25. g6 Bxg6 26. fxg6 Rxg6 
27. Qh5 Qe6 28. Bd2 Qg8 29. Be4 Rf6 30. Bf5 e4 31. dxe4 Rf7 32. Qxh4 Rg7 
33. Bg4 Qxc4 34. Rf8+ Rg8 35. Rxg8+ Qxg8 36. b3 d5 37. exd5 Qxd5 38. Bf4 Bf6 
39. Qe1 Kg7 40. Be6 Qd3 41. Qg3+ Qxg3+ 42. Kxg3 b5 43. Bc8 Ng5 44. Bxa6 Ne4+ 
45. Kg4 b4 46. Kf5 Nc3 47. Be5 Bxe5 48. Kxe5 Nxa2 
1/2-1/2

[Event "34th Chess Olympiad (men)"]
[Site "Istanbul"]
[Date "2000.11.01"]
[Round "5.38.4"]
[White "Wheeler, Robert"]
[Black "Pustina, Ylvi"]
[WhiteElo "2226"]
[BlackElo "2286"]
[WhiteCountry "JAM"]
[BlackCountry "ALB"]
[Result "1/2-1/2"]

1. Nf3 Nf6 2. b3 g6 3. Bb2 Bg7 4. c4 O-O 5. g3 c5 6. Bg2 Nc6 7. O-O d6 
8. d4 cxd4 9. Nxd4 Bd7 10. Nc2 a6 11. Nc3 Rb8 12. Nd5 Ne8 13. Bxg7 Nxg7 
14. Qd2 Be6 15. e4 b5 16. cxb5 Rxb5 17. Nce3 Ne8 18. Rfc1 Ne5 19. Qe2 Bxd5 
20. Nxd5 e6 21. Ne3 f5 22. f4 Nf7 23. exf5 gxf5 24. Rc6 Rb6 25. Rac1 Nf6 
26. Qc4 Rxc6 27. Qxc6 Qa5 28. Qc3 Qb6 29. Kh1 d5 30. Qc5 Rb8 31. Bf3 Nd6 
32. g4 Qxc5 33. Rxc5 d4 34. Nd1 fxg4 35. Be2 Rb6 36. Nb2 Nfe4 37. Rc7 h5 
38. Na4 Rb8 39. Nc5 Nxc5 40. Rxc5 Rf8 41. Rg5+ Kf7 42. Rxh5 Rc8 43. Bxa6 Rc1+ 
44. Kg2 Rc2+ 45. Kf1 Rxa2 46. Bd3 Rb2 47. Bc4 Nxc4 48. bxc4 Rc2 49. c5 Ke7 
50. Ke1 Kd7 51. Rg5 Rg2 52. f5 exf5 53. Rxf5 Kc6 54. Rh5 Kb5 55. Kd1 Kc4 
56. c6 Kd3 57. Re5 Rd2+ 58. Ke1 Rc2 59. Rg5 Rxc6 60. Rxg4 Rc1+ 61. Kf2 Kc3 
62. Rg8 d3 63. Rc8+ Kd2 64. Rd8 Rc4 65. Kf3 Rc7 66. h4 Kc2 67. Kf4 d2 68. Kg5 
1/2-1/2

[Event "34th Chess Olympiad (men)"]
[Site "Istanbul"]
[Date "2000.11.01"]
[Round "5.39.1"]
[White "Rohl, Juan"]
[Black "Lodhi, Mahmood"]
[WhiteElo "2350"]
[BlackElo "2438"]
[WhiteCountry "VEN"]
[BlackCountry "PAK"]
[Result "1/2-1/2"]

1. e4 e5 2. Nf3 Nc6 3. Bb5 a6 4. Ba4 Nf6 5. Qe2 b5 6. Bb3 Bc5 7. c3 O-O 
8. d3 Bb7 9. Bg5 h6 10. Bh4 Re8 11. Nbd2 Be7 12. Bf6 Bf6 13. Bd5 Qc8 
14. Nf1 Ne7 15. Bb7 Qb7 16. Ne3 Ng6 17. g3 c6 18. h4 d6 19. Nh2 Rad8 
20. Nhg4 Re6 21. Qf3 Be7 22. Nf5 Bf8 23. O-O Ne7 24. h5 
1/2-1/2

[Event "34th Chess Olympiad (men)"]
[Site "Istanbul"]
[Date "2000.11.01"]
[Round "5.39.2"]
[White "Gillani, Tunveer M D"]
[Black "Alvarez, Johan"]
[WhiteElo "2255"]
[BlackElo "2317"]
[WhiteCountry "PAK"]
[BlackCountry "VEN"]
[Result "1-0"]

1. e4 c5 2. Nf3 d6 3. c3 Nf6 4. e5 de5 5. Ne5 e6 6. d4 cd4 7. cd4 Be7 
8. Be2 O-O 9. O-O Nbd7 10. Nc3 Nb6 11. Bf3 Nbd5 12. Qb3 Qd6 13. Bg5 Rd8 
14. Rfd1 a6 15. Rac1 Nc3 16. bc3 h6 17. Bh4 Nd5 18. Nc4 Qc7 19. Bg3 Qc6 
20. Ne5 Qb5 21. Qc2 Qe8 22. c4 Nb4 23. Qb1 a5 24. a3 Nc6 25. Nc6 bc6 
26. Bc7 Ba3 27. Rc2 Bd7 28. Bd8 Rd8 29. Rc3 Bb4 30. Re3 Rb8 31. Rb3 Qc8 
32. Qa1 Qc7 33. g3 Qd6 34. Be4 Qe7 35. Kg2 g6 36. h4 Be8 37. c5 Rd8 
38. Rdd3 Qc7 39. Qc1 Kg7 40. Rf3 Qe7 41. Bc2 Qc7 42. Qe3 Bd7 43. Qe5+ Qe5 
44. de5 
1-0

[Event "34th Chess Olympiad (men)"]
[Site "Istanbul"]
[Date "2000.11.01"]
[Round "5.39.3"]
[White "Sequera, Jose"]
[Black "Amer, Karim"]
[WhiteElo "2357"]
[BlackElo "2240"]
[WhiteCountry "VEN"]
[BlackCountry "PAK"]
[Result "1-0"]

1. e4 c5 2. c3 d5 3. ed5 Qd5 4. d4 Nc6 5. Nf3 Bg4 6. Be2 e6 7. O-O Nf6 
8. h3 Bh5 9. Be3 cd4 10. cd4 Be7 11. Nc3 Qd8 12. Qb3 Qb6 13. Qb6 ab6 14. g4 Bg6 
15. Ne5 O-O 16. g5 Nh5 17. Nd7 Rfe8 18. Nb6 Rad8 19. Nb5 Nb4 20. Rfc1 Nd3 
21. Rc3 Nhf4 22. Bd3 Bd3 23. Bf4 Bb5 24. a4 Bc6 25. a5 Bb5 26. d5 ed5 
27. Bc7 d4 28. Rb3 Ba6 29. Bd8 Rd8 30. Na4 Rd5 31. Rd1 d3 32. h4 h6 33. gh6 gh6 
34. Nc3 Ra5 35. Ne4 Ra4 36. f3 Bh4 37. Nc5 Bc4 38. Rb7 Ra5 39. b4 Ra8 
40. Nd3 Bd5 41. Rd7 Bf3 42. Rf1 Be2 43. Rb1 Ra3 44. Ne5 Bh5 45. Rd3 Ra2 
46. b5 Bf2+ 47. Kh1 Bb6 48. Rg3+ Kh7 49. Nd7 Bg6 50. Rg6 Kg6 51. Nb6 Ra7 
52. Nc4 
1-0

[Event "34th Chess Olympiad (men)"]
[Site "Istanbul"]
[Date "2000.11.01"]
[Round "5.39.4"]
[White "Ahmed, Haseeb"]
[Black "Gallegos, Carlos"]
[WhiteElo "2270"]
[BlackElo "2000"]
[WhiteCountry "PAK"]
[BlackCountry "VEN"]
[Result "0-1"]

1. d4 Nf6 2. c4 e6 3. Nf3 b6 4. g3 Ba6 5. b3 Bb4+ 6. Bd2 Be7 7. Bg2 O-O 
8. O-O c6 9. Bc3 d5 10. Nbd2 Nbd7 11. a4 Rc8 12. a5 b5 13. c5 Ne4 14. Bb2 b4 
15. Ne4 de4 16. Ne1 f5 17. Nc2 Rb8 18. Qe1 Qc7 19. f3 Nf6 20. fe4 fe4 
21. Bc1 e5 22. Rf5 ed4 23. Bf4 Qd7 24. Bh3 Rbd8 25. Rd1 Bc5 26. Rf6 Qh3 
27. Rc6 Be2 28. Rc5 Bd1 29. Qd1 d3 30. Nb4 Rf4 31. Rh5 Qg4 
0-1

[Event "34th Chess Olympiad (men)"]
[Site "Istanbul"]
[Date "2000.11.01"]
[Round "5.40.1"]
[White "Moussa, Othman"]
[Black "Cruz, Filemon"]
[WhiteElo "2375"]
[BlackElo "2360"]
[WhiteCountry "UAE"]
[BlackCountry "PER"]
[Result "0-1"]

1. d4 f5 2. c4 e6 3. g3 Nf6 4. Bg2 d5 5. Nf3 Bd6 6. O-O c6 7. b3 Qe7 8. a4 a5 
9. Ba3 Bxa3 10. Nxa3 O-O 11. Nc2 b6 12. Qc1 Na6 13. Ne5 Bb7 14. Qa3 c5 
15. e3 Rac8 16. Rfd1 Ne4 17. Ne1 Rfd8 18. Rac1 Nb4 19. Qb2 Nd6 20. Bf1 dxc4 
21. dxc5 Rxc5 22. Nxc4 Nxc4 23. Bxc4 Bd5 24. Bxd5 Rcxd5 25. Rxd5 Rxd5 
26. Rc8+ Rd8 27. Qc1 h6 28. Nf3 Kh7 29. Nd4 Nd3 30. Qc6 Qb4 31. Nf3 Rxc8 
32. Qxc8 Qxb3 33. h4 Qa2 
0-1

[Event "34th Chess Olympiad (men)"]
[Site "Istanbul"]
[Date "2000.11.01"]
[Round "5.40.2"]
[White "Ramos, Ernesto"]
[Black "Majeed, Abdul"]
[WhiteElo "2298"]
[BlackElo "2291"]
[WhiteCountry "PER"]
[BlackCountry "UAE"]
[Result "1-0"]

1. d4 Nf6 2. Nf3 g6 3. g3 Bg7 4. Bg2 O-O 5. O-O d6 6. c4 c6 7. Nc3 a6 8. b3 b5 
9. Bb2 Qb6 10. cb5 ab5 11. e4 Bg4 12. Re1 Nfd7 13. Ne2 e5 14. Qd2 Na6 
15. de5 Bf3 16. Bf3 Ne5 17. Bg2 Nd3 18. Qd3 Bb2 19. Rab1 Nc5 20. Qd2 Be5 
21. Kh1 Qa7 22. f4 Bg7 23. Nc1 Rfd8 24. b4 Na4 25. Rb3 Nb6 26. Qf2 Nc4 
27. Qa7 Ra7 28. e5 d5 29. h3 Bf8 30. Ne2 Ra2 31. Nd4 Rc8 32. e6 fe6 33. Re6 Ra6 
34. Rc6 Ra1+ 35. Kh2 Rd8 36. Ne6 Rd6 37. Nf8 Kf8 38. Rd6 Nd6 39. Bd5 Rd1 
40. Bc6 Rd2+ 41. Kg1 Rc2 42. Bg2 Nf5 43. Be4 Rc4 44. Bd3 Rc1+ 45. Kf2 Nd4 
46. Rb2 Rc3 47. Rd2 Kg7 48. Bg6 Rc4 49. Be4 Rb4 50. Ke3 Ne6 51. Rd7+ Kf6 
52. Bh7 Nc5 53. Rd5 Rb3+ 54. Kd2 Rb2+ 55. Kc1 Na4 56. g4 Rf2 57. g5+ Kg7 
58. Rd7+ Kh8 59. f5 b4 60. f6 b3 61. Bd3 b2+ 62. Kd1 Kg8 63. Ke1 Nc5 
64. Bh7+ Kh8 65. Ra7 Rh2 66. Bg6 b1Q+ 67. Bb1 Rh1+ 68. Ke2 Rb1 69. g6 Rb2+ 
70. Kf3 Rb8 71. Rh7+ Kg8 72. f7+ 
1-0

[Event "34th Chess Olympiad (men)"]
[Site "Istanbul"]
[Date "2000.11.01"]
[Round "5.40.3"]
[White "Abdullah, Mansour"]
[Black "Esplana, Christian"]
[WhiteElo "2290"]
[BlackElo "2239"]
[WhiteCountry "UAE"]
[BlackCountry "PER"]
[Result "1-0"]

1. e4 c5 2. Nf3 e6 3. c4 Nc6 4. Nc3 Nf6 5. Be2 Be7 6. O-O O-O 7. d4 cxd4 
8. Nxd4 d6 9. Be3 Nxd4 10. Bxd4 a6 11. Qd2 Qc7 12. Rac1 b6 13. Rfd1 Nd7 
14. f4 Bb7 15. Be3 Rad8 16. Bd3 Qb8 17. Bb1 Rfe8 18. Qf2 Bc6 19. Rf1 Rc8 
20. Qg3 Bf8 21. Qh4 g6 22. Bd4 b5 23. cxb5 axb5 24. f5 Ne5 25. Ne2 Bg7 
26. Rc3 exf5 27. exf5 Qb7 28. Rh3 h5 29. fxg6 fxg6 30. Rg3 Ng4 31. Rxg4 Rxe2 
32. Rxg6 Rxg2+ 33. Rxg2 Bxg2 34. Re1 Bh3 35. Qg5 Qf7 36. Bd3 Kh8 37. Qh6+ Kg8 
38. Bh7+ 
1-0

[Event "34th Chess Olympiad (men)"]
[Site "Istanbul"]
[Date "2000.11.01"]
[Round "5.40.4"]
[White "Soto, Jorge"]
[Black "Hossein, Mohamed"]
[WhiteElo "2225"]
[BlackElo "2113"]
[WhiteCountry "PER"]
[BlackCountry "UAE"]
[Result "1-0"]

1. e4 c5 2. Nf3 g6 3. c3 Bg7 4. d4 cxd4 5. cxd4 d5 6. e5 Nh6 7. h3 Nc6 
8. Nc3 O-O 9. Bb5 Bf5 10. O-O a6 11. Ba4 b5 12. Bb3 Be4 13. Ng5 b4 14. Ne2 Rb8 
15. g4 
1-0

[Event "34th Chess Olympiad (men)"]
[Site "Istanbul"]
[Date "2000.11.01"]
[Round "5.41.1"]
[White "Arduman, Can"]
[Black "Ramsingh, Yogendranath"]
[WhiteElo "2397"]
[BlackElo "2246"]
[WhiteCountry "TURA"]
[BlackCountry "TRI"]
[Result "0-1"]

1. d4 d6 2. Nf3 Nd7 3. c4 e5 4. Nc3 Be7 5. g3 Ngf6 6. Bg2 O-O 7. O-O h6 
8. e4 Re8 9. h3 Bf8 10. Be3 c6 11. Qc2 Qc7 12. Rad1 a6 13. a4 Rb8 14. c5 dc5 
15. de5 Nh7 16. Bf4 g5 17. e6 gf4 18. ed7 Bd7 19. gf4 b5 20. e5 Qc8 21. Kh2 Bf5 
22. Qe2 c4 23. Rg1 Bd3 24. Qe3 Kh8 25. Ne1 Bf5 26. Qg3 Re6 27. Ne2 ba4 
28. Nd4 Rg6 29. Qc3 c5 30. Nf5 Qf5 31. Qc4 Rb4 32. Qc1 Rf4 33. Nd3 Rh4 
34. Qe3 c4 35. Ne1 Bc5 36. Rd8+ Nf8 37. Qf3 Qe5+ 38. Kh1 Bd6 39. Rd6 Qd6 
40. Qf7 Rf4 41. Qe8 Rf2 42. Qe3 Qf6 43. Qc5 Rb2 44. Rf1 Qd6 45. Qc4 Rg3 
46. Qh4 Kg7 47. Qh5 Ng6 48. Qf5 Qe7 49. Qd5 Rb1 50. Qd4+ Kh7 51. Qf2 Re3 
52. Nf3 Rf1+ 53. Qf1 a3 54. Qa6 Nf4 55. Nd4 Ng2 56. Nf5 Re1+ 57. Kg2 Qe2+ 
0-1